<?xml version="1.0" encoding="UTF-8"?><?xml-stylesheet type="text/xsl" href="static/style.xsl"?><OAI-PMH xmlns="http://www.openarchives.org/OAI/2.0/" xmlns:xsi="http://www.w3.org/2001/XMLSchema-instance" xsi:schemaLocation="http://www.openarchives.org/OAI/2.0/ http://www.openarchives.org/OAI/2.0/OAI-PMH.xsd"><responseDate>2026-04-17T05:50:47Z</responseDate><request verb="GetRecord" identifier="oai:www.recercat.cat:2072/476812" metadataPrefix="marc">https://recercat.cat/oai/request</request><GetRecord><record><header><identifier>oai:recercat.cat:2072/476812</identifier><datestamp>2025-05-08T15:46:14Z</datestamp><setSpec>com_2072_98</setSpec><setSpec>col_2072_378192</setSpec></header><metadata><record xmlns="http://www.loc.gov/MARC21/slim" xmlns:dcterms="http://purl.org/dc/terms/" xmlns:xsi="http://www.w3.org/2001/XMLSchema-instance" xmlns:doc="http://www.lyncode.com/xoai" xsi:schemaLocation="http://www.loc.gov/MARC21/slim http://www.loc.gov/standards/marcxml/schema/MARC21slim.xsd">
   <leader>00925njm 22002777a 4500</leader>
   <datafield ind2=" " ind1=" " tag="042">
      <subfield code="a">dc</subfield>
   </datafield>
   <datafield ind2=" " ind1=" " tag="720">
      <subfield code="a">Morente, Francisco</subfield>
      <subfield code="e">author</subfield>
   </datafield>
   <datafield ind2=" " ind1=" " tag="260">
      <subfield code="c">2005</subfield>
   </datafield>
   <datafield ind2=" " ind1=" " tag="520">
      <subfield code="a">Este artículo se propone explorar las influencias que tanto las teorías pedagógicas como las políticas educativas vigentes en la Italia fascista y la Alemania nazi ejercieron sobre la política educativa del franquismo en su primera década de existencia. Del análisis de la producción legislativa española en esta materia hasta 1945, así como de las revistas especializadas de la época, se desprende, y así se intenta argumentar en este trabajo, que, contrariamente a lo que suele afirmarse, la influencia de la pedagogía fascista en la enseñanza de los primeros años del franquismo fue muy notable, sin que ello sea contradictorio con el marcado carácter católico que tuvo la educación en la España de Franco. A partir del análisis de la situación educativa en la Italia fascista se desprende la identidad de fondo de las políticas educativas de los regímenes de Mussolini y Franco. Más diferencias hubo con la política educativa nazi, aunque tampoco en este caso faltan los elementos coincidentes.</subfield>
   </datafield>
   <datafield ind2=" " ind1=" " tag="520">
      <subfield code="a">The aim of this article is to explore the influences that the pedagogical theories and the educational policies of the fascist Italy and the nazi Germany had on the educational policy of the first ten years of Franco's regime. The analysis of the Spanish laws on the matter until 1945, as well as of the specialized journals of the time prove that, contrary to what has been sustained in the literature, the influence of the fascist pedagogy on the teaching of the first years of Franco's regime was remarkable, without denying the strong catholic character of Franco's educational system. From the analysis of the situation of education in the fascist Italy, the author shows the underlying coincident policies of Mussolini and Franco. Finally, the author presents points of encounter with the nazi educational policy.</subfield>
   </datafield>
   <datafield tag="653" ind2=" " ind1=" ">
      <subfield code="a">España 1936-1945</subfield>
   </datafield>
   <datafield tag="653" ind2=" " ind1=" ">
      <subfield code="a">Fascismo</subfield>
   </datafield>
   <datafield tag="653" ind2=" " ind1=" ">
      <subfield code="a">Franquismo</subfield>
   </datafield>
   <datafield tag="653" ind2=" " ind1=" ">
      <subfield code="a">Política educativa</subfield>
   </datafield>
   <datafield tag="653" ind2=" " ind1=" ">
      <subfield code="a">Pedagogía fascista</subfield>
   </datafield>
   <datafield tag="653" ind2=" " ind1=" ">
      <subfield code="a">Socialización política</subfield>
   </datafield>
   <datafield tag="653" ind2=" " ind1=" ">
      <subfield code="a">Spain 1936-1945</subfield>
   </datafield>
   <datafield tag="653" ind2=" " ind1=" ">
      <subfield code="a">Fascism</subfield>
   </datafield>
   <datafield tag="653" ind2=" " ind1=" ">
      <subfield code="a">Franco's regime</subfield>
   </datafield>
   <datafield tag="653" ind2=" " ind1=" ">
      <subfield code="a">Educational policy</subfield>
   </datafield>
   <datafield tag="653" ind2=" " ind1=" ">
      <subfield code="a">Fascist pedagogy</subfield>
   </datafield>
   <datafield tag="653" ind2=" " ind1=" ">
      <subfield code="a">Political socialization</subfield>
   </datafield>
   <datafield ind2="0" ind1="0" tag="245">
      <subfield code="a">«Los fascismos europeos y la política educativa del franquismo»</subfield>
   </datafield>
</record></metadata></record></GetRecord></OAI-PMH>